Nové pracovné pozície sú už realitou

Efektívne využívanie existujúcich podnikových zdrojov pre zabezpečenie konkurencieschopnosti firmy. Vplyv vývoja svetového hospodárstva na prácu vrcholového manažmentu. Analýza pracovných miest ako východisko pre personálne plánovanie. Cieľavedomé usmerňovanie pracovnej kariéry vybraných vedúcich pr...

Full description

Saved in:
Bibliographic Details
Main Author: Jamnický, Peter
Format: Book Chapter
Language:Slovak
Subjects:
Tags: Add Tag
No Tags, Be the first to tag this record!

MARC

LEADER 00000naa$a2200000$$$4500
001 0057040
005 20240502071637.8
041 0 |a slo 
044 |a SK 
245 1 0 |a Nové pracovné pozície sú už realitou  |c Peter Jamnický 
520 |a Efektívne využívanie existujúcich podnikových zdrojov pre zabezpečenie konkurencieschopnosti firmy. Vplyv vývoja svetového hospodárstva na prácu vrcholového manažmentu. Analýza pracovných miest ako východisko pre personálne plánovanie. Cieľavedomé usmerňovanie pracovnej kariéry vybraných vedúcich pracovníkov a zamestnancov. Výkonný riaditeľ pre riadenie firemných poznatkov. 
610 2 0 |a konkurencieschopnosť 
610 2 0 |a firmy 
610 2 0 |a riaditelia 
610 2 0 |a výhody konkurenčné 
610 2 0 |a riadenie znalostí 
610 2 0 |a plánovanie personálne 
100 1 |a Jamnický, Peter